000 002400000a22000970004500
100 1 _aLinthicum, Robert C.
245 1 0 _aAuthentic strategies for urban ministry
300 _aNúm 44 (1994), Páginas 14-18
773 0 _tTogether
942 _cANA
999 _c56179
_d56179